000 00276nam a2200121Ia 4500
005 20251222141833.0
008 251222s9999||||xx |||||||||||||| ||spa||
082 _a955.054/G74
100 _aGorolon, Matthew S.
245 0 _aAyatollah Khomeini
264 _bCinco
942 _cLIB
999 _c7173
_d7173